MANAGEMENT: A CONCISE INTRODUCTION (Record no. 215871)

MARC details
000 -LEADER
fixed length control field 00492nam a22001697a 4500
008 - FIXED-LENGTH DATA ELEMENTS--GENERAL INFORMATION
fixed length control field 250709b |||||||| |||| 00| 0 eng d
020 ## - INTERNATIONAL STANDARD BOOK NUMBER
International Standard Book Number 978-0-230-28535-4
050 ## - LIBRARY OF CONGRESS CALL NUMBER
Classification number HD 31 .P48 2012
100 ## - MAIN ENTRY--PERSONAL NAME
Personal name PETTINGER, RICHARD
245 ## - TITLE STATEMENT
Title MANAGEMENT: A CONCISE INTRODUCTION
260 ## - PUBLICATION, DISTRIBUTION, ETC.
Place of publication, distribution, etc. NEW YORK
Name of publisher, distributor, etc. PALGRAVE MACMILLAN
Date of publication, distribution, etc. 2012
300 ## - PHYSICAL DESCRIPTION
Extent XVI, 448P.: ILL
500 ## - GENERAL NOTE
General note INCLUDES BIBLIOGRAPHICAL REFERENCES AND INDEX
650 ## - SUBJECT ADDED ENTRY
Topical term or geographic name entry element MANAGEMENT
942 ## - ADDED ENTRY ELEMENTS (KOHA)
Source of classification or shelving scheme Library of Congress Classification
Koha item type Long Loan Book
Holdings
Withdrawn status Lost status Source of classification or shelving scheme Damaged status Not for loan Collection Home library Current library Shelving location Date acquired Inventory number Total checkouts Full call number Barcode Date last seen Date last checked out Copy number Price effective from Koha item type
    Library of Congress Classification     Business & Economics Kisii University Library Kisii University Library On Display 07/09/2025 109019 1 HD 31 .P48 2012 000000018026 02/27/2026 02/17/2026 1 07/09/2025 Long Loan Book
    Library of Congress Classification     Business & Economics Kisii University Library Kisii University Library On Display 07/09/2025 109020   HD 31 .P48 2012 000000018025 07/09/2025   2 07/09/2025 Long Loan Book
    Library of Congress Classification     Business & Economics Kisii University Library Kisii University Library On Display 07/09/2025 109021   HD 31 .P48 2012 000000018024 07/09/2025   3 07/09/2025 Long Loan Book
    Library of Congress Classification     Business & Economics Kisii University Library Kisii University Library On Display 07/09/2025 109022   HD 31 .P48 2012 000000018023 07/09/2025   4 07/09/2025 Long Loan Book
    Library of Congress Classification     Business & Economics Kisii University Library Kisii University Library On Display 07/09/2025 109023 1 HD 31 .P48 2012 000000018022 10/06/2025 09/24/2025 5 07/09/2025 Long Loan Book